UK Residential Market Survey (Record no. 121993)
[ view plain ]
| 000 -LEADER | |
|---|---|
| fixed length control field | 01968nam a22002057a 4500 |
| 008 - FIXED-LENGTH DATA ELEMENTS--GENERAL INFORMATION | |
| fixed length control field | 240912e20240909xxk|||||o|||| 00| 0 eng d |
| 041 ## - LANGUAGE CODE | |
| Language code of text/sound track or separate title | eng |
| 110 ## - MAIN ENTRY--CORPORATE NAME | |
| Corporate author | Royal Institution of Chartered Surveyors |
| 245 ## - TITLE STATEMENT | |
| Title | UK Residential Market Survey |
| Subtitle | August 2024 |
| Medium | [Electronic resource] |
| 260 ## - PUBLICATION INFORMATION | |
| Place of publication | London, |
| Publisher | Royal Institution of Chartered Surveyors, |
| Date | September 2024 |
| 300 ## - PHYSICAL DESCRIPTION | |
| Physical description | 18p |
| 490 ## - SERIES TITLE | |
| Series statement | RICS UK Residential Market Survey |
| 520 ## - ABSTRACT | |
| Abstract | The August 2024 RICS Residential Survey results <br/>show an improvement in sales market activity <br/>over the month, supported by the recent (modest) <br/>softening in mortgage interest rates. Moreover, <br/>respondents foresee the market gradually gaining <br/>further impetus moving forward, even if the <br/>near-term outlook for monetary policy remains <br/>relatively tight compared to much of the post <br/>global fi nancial crisis era. <br/>At the aggregate level, a net balance of +15% of <br/>survey participants noted an increase in new <br/>buyer enquiries during August (up from a fi gure <br/>of +4% beforehand). What’s more, this marks the <br/>most positive reading for the demand series since <br/>October 2021, although it should be emphasised <br/>that this pick-up is coming from a low base.<br/>Meanwhile, the newly agreed sales indicator <br/>posted a net balance reading of +6%, modestly <br/>higher than the fi gure of -1% seen last time. Going <br/>forward, contributors anticipate the recent uptick <br/>in demand to translate into a more meaningful <br/>increase in sales volumes over the coming <br/>three months, evidenced by the near-term sales <br/>expectations measure recording a net balance of <br/>+37%. |
| 650 ## - KEYWORDS | |
| Keywords | HOUSING MARKET |
| 650 ## - KEYWORDS | |
| Keywords | RESIDENTIAL PROPERTY |
| 651 ## - SUBJECT ADDED ENTRY--GEOGRAPHIC NAME | |
| Geographic name | United Kingdom |
| 710 ## - ADDED CORPORATE NAME | |
| Added corporate author | Royal Institution of Chartered Surveyors |
| 856 ## - ONLINE RESOURCE | |
| Uniform Resource Identifier | <a href="https://www.rics.org/content/dam/ricsglobal/documents/market-surveys/uk-residential-market-survey/August-2024_UK-Residential-Market-Survey.pdf">https://www.rics.org/content/dam/ricsglobal/documents/market-surveys/uk-residential-market-survey/August-2024_UK-Residential-Market-Survey.pdf</a> |
| Public note | Available free on RICS.org |
| 942 ## - ADDED ENTRY ELEMENTS (KOHA) | |
| Suppress in OPAC | Do not suppress in OPAC |
| Lost status | Damaged status | Not for loan | Current library | Shelving location | Date acquired | Total Checkouts | Full call number | Date last seen | Price effective from | Koha item type |
|---|---|---|---|---|---|---|---|---|---|---|
| Virtual | Online | 12/09/2024 | PROPERTY MARKET DATA | 12/09/2024 | 12/09/2024 | Online material |